Tablas de mareas de la costa de Chile: incluyendo puertos de la costa sudamericana del Pacífico hasta Panamá

Salvato in:
Dettagli Bibliografici
Natura: Libro
Lingua:spagnolo
Pubblicazione: Valparaíso Instituto Hidrográfico de la Armada 1966
Serie:Publicación, 3009
Soggetti:
Tags: Aggiungi Tag
Nessun Tag, puoi essere il primo ad aggiungerne!!

MARC

LEADER 00000nam a2200000 a 4500
001 UCU3559
003 CL-VaPUC
008 960510e19660000CL |||||||||||||||||spa|d
082 0 4 |a 551.492  |b TAB  |2 21 
245 1 0 |a Tablas de mareas de la costa de Chile: incluyendo puertos de la costa sudamericana del Pacífico hasta Panamá 
300 |a 165 p 
942 |c BK 
945 |d 19960510 00:00:00  |a cmena 
260 |a Valparaíso  |b Instituto Hidrográfico de la Armada  |c 1966 
650 0 |a Mareas  |9 261385 
650 0 |a Corrientes marinas  |9 261372 
650 7 |a OCEANOGRAFIA DINAMICA  |2 CL-VaPUC  |9 360566 
650 0 |a Puertos  |9 260105 
583 |a last modification  |c 19960510 00:00:00  |k Rodrigo Vera 
490 0 |a Publicación, 3009 
999 |c 247522  |d 247520 
952 |0 0  |1 0  |4 0  |6 551_492000000000000_TAB_1966  |7 0  |8 A  |9 263503  |a BIBING  |b BIBING  |d 2019-11-19  |i 1654063  |o 551.492 TAB 1966  |p 1654063  |r 2025-01-20  |w 2019-11-19  |y BK  |k GEO